Cholesterol v potravinách

Podrobná bibliografia
Hlavný autor: Holčíková, Kristína (Autor)
Médium: Kniha
Jazyk:slovenčina
Fyzický popis:18 s. tab. 20x14 cm
Vydavateľské údaje: Bratislava Výskumný ústav potravinársky 1995
Predmet:

MARC

LEADER 00000nam a2200000 a 4500
001 vtls001182808
003 SK-MaSNL
005 20260301233924.0
008 240226s1995 xo ap yy slo
015 |a SNBE1996/0100421 
035 |a SNK000125857 
035 |a urn:nbn:sk:snk-amkexn 
035 |a urn:nbn:sk:snk-am003do7 
035 |a FA3B66D8-CCD2-4932-835A-2416193118E0 
040 |a SNK  |b slo  |c SNK  |e AACR2 
041 0 |a slo 
044 |a xo  |c SK 
080 |a 665.238:641/642(083.9)  |2 1981 
080 |a 641/642  |2 1981 
245 0 0 |a Cholesterol v potravinách  |c [tabuľky spracoval autorský kolektív: Kristína Holčíková...[et al.]] 
260 |a Bratislava  |b Výskumný ústav potravinársky  |c 1995 
300 |a 18 s.  |b tab.  |c 20x14 cm 
500 |a 2000 výt. 
504 |a Bibliogr. s. 18 
650 0 7 |a cholesterol  |x potraviny  |x spravodaje  |2 SNK  |9 629213 
650 0 7 |a potraviny  |x cholesterol  |x spravodaje  |2 SNK  |9 629214 
655 7 |a informačné publikácie  |2 SNK  |9 70181 
700 1 |a Holčíková, Kristína  |4 aut  |9 379866 
958 |a OND 
958 |a TL 
958 |a BQ 
999 |c 968155  |d 970085 
952 |t P60, <03>, [BOOK], {603}  |a SNK  |b SNK  |y PREZ  |7 0  |p 17A0000973  |o snkSC 90159  |i snkKSP 2802/96  |0 0  |1 0  |4 0  |d 1996-03-11  |f 1  |l 0  |r 2025-09-09 00:00:00  |w 2026-02-24 
952 |t P60, <04>, [BOOK], {604}  |a SNK  |b SNK  |y VYP  |7 0  |p 17A0000974  |o snkSC 90159 D1  |i snkKSP 2803/96  |0 0  |1 0  |4 0  |d 1996-03-11  |l 0  |r 2005-01-01 00:00:00  |w 2026-02-24